| 000 | 00542 a2200181 4500 | ||
|---|---|---|---|
| 003 | OSt | ||
| 005 | 20240220160643.0 | ||
| 008 | 240207b |||||||| |||| 00| 0 eng d | ||
| 020 | _a9788188027040 | ||
| 040 | _coclc | ||
| 082 |
_a828 _bALB/I |
||
| 100 |
_aAlby, P. V _910374 |
||
| 245 |
_aInsight And Inspirations: motivational stories from Dr.APJ Abdul Kalam / _c P. V Alby |
||
| 250 | _a1st ed. | ||
| 260 |
_aKozhikode: _bLIPI Publications, _c2021. |
||
| 300 | _a168p. | ||
| 942 |
_2ddc _cBK _h828 _iALB/I _k828 _mALB/I |
||
| 999 |
_c44371 _d44371 |
||